000 01600nam a22003257a 4500
005 20110405115537.0
010 _aB-423720-721
020 _a9788173053535
_c1250.00
020 _a8173053537
_c1250.00
035 _aB-423720-721
037 _aDPL
_bAllied Publishers
082 0 4 _a759.954
100 1 _aDehejia, Harsha V.
_932294
245 1 0 _aKanha Priya :
_bromantic moments in poetry and painting /
_cHarsha V. Dehejia, Vijay Sharma
260 _aNew Delhi :
_bAryan Books International,
_c2009.
270 _aPooja Apartments, 4B, Ansari Road
_bNew Delhi
_e110002
300 _a[13] p., [12] leaves of plates :
_bcol. ill.
_c46 cm.(Hb)
500 _aParallel title on cover in Hindi.
650 0 _aKrishna (Hindu deity)
_vArt.
_932295
650 0 _aRādhā (Hindu deity)
_vArt.
_932296
650 0 _aMiniature painting, Indic.
_932297
650 0 _aLove in art.
_932298
650 0 _aKrishna (Hindu deity)
_vPoetry.
_932299
650 0 _aRādhā (Hindu deity)
_vPoetry.
_932300
700 1 _aSharma, Vijay,
_927068
942 _2ddc
_cEN
_h759.954
_mDEH
999 _c51431
_d51431